[Event "RUS-chT 12th"]
[Site "Sochi"]
[Date "2005.04.25"]
[Round "7"]
[White "Sadvakasov, Darmen"]
[Black "Dreev, Alexey"]
[Result "0-1"]
[WhiteElo "2605"]
[BlackElo "2705"]
[Annotator "Lukacs,P"]
[PlyCount "142"]
[EventDate "2005.04.19"]
[EventType "team-tourn"]
[EventRounds "11"]
[EventCountry "RUS"]
[SourceTitle "EXT 2020"]
[Source "ChessBase"]
[SourceDate "2019.10.17"]
[SourceVersion "1"]
[SourceVersionDate "2019.10.17"]
[SourceQuality "1"]
[WhiteTeam "Samara Yunilain"]
[BlackTeam "Sverdlovsk Ural region"]
[WhiteTeamCountry "RUS"]
[BlackTeamCountry "RUS"]

1. e4 c6 2. d4 d5 3. Nd2 dxe4 4. Nxe4 Bf5 5. Ng3 Bg6 6. h4 h6 7. Nf3 Nd7 8. h5
Bh7 9. Bd3 Bxd3 10. Qxd3 e6 11. Bf4 Ngf6 12. O-O-O Be7 13. Kb1 Qa5 14. Ne5 O-O
15. Nxd7 (15. Qb3 Nxe5 16. dxe5 Nd5 17. Bd2 Qb5 $1 {Black is happy to play a
slightly worse _|_.} (17... Qc7 {- Leko-Anand, Semi-finals Dortmund 2004 CBM
103}) 18. c4 (18. Ne4 Rfd8 19. Qg3 Kh8 $13) (18. Qxb5 cxb5 19. Ne4 Rac8 $11)
18... Qxb3 19. axb3 Nc7 $5 (19... Nb4 $2 {allows the penetration on the
seventh rank after} 20. Bxb4 Bxb4 21. Rd7 $16) (19... Nb6 {The N defends the
d7 square but remains passive.} 20. Ne4 Rad8 21. Be3 $14) 20. Ne4 (20. Ba5 Na6
$11 {Z.Almasi-Gyimesi, Budapest 2004 CBM 103} (20... b6 $2 21. Rd7 $1 $16))
20... Rfd8 21. Be3 $14 {is the other (more natural) setup of the pieces.}) (15.
Ne4 Nxe4 (15... Rad8 16. Nxf6+ Nxf6 17. Qg3 Kh8 18. Rd3 c5 19. Qf3 Rxd4 20.
Rxd4 cxd4 21. Qxb7 Nd5 {Black has an active counterplay, winning b7 is rarely
good.} 22. Bg3 Qa4 23. Qb3 Qa6 24. Qd3 Qa4 $13 {Adams-Bareev, Dortmund 2002})
16. Qxe4 Rad8 17. c4 Nxe5 18. dxe5 (18. Bxe5 $6 {White wants to complicate
matters, but in his P structure >< d4 remains a target.} Bd6 $1 19. f3 (19.
Bxd6 Rxd6 20. Qe5 Qd8 $15 {and Black will triple his heavy artillery on the d
<->.}) (19. g4 $5 Be7 (19... Rd7 20. g5 $1) 20. Rd3 Rd7 21. Rhd1 Rfd8 $15 {
and White has no real chances on the >>, therefore he has to defend >< d4.})
19... Rd7 20. Bxd6 Rxd6 {- Topalov-Bareev, Dortmund 2002 CBM 90}) 18... Rxd1+
19. Rxd1 Rd8 {leads to an only slightly better _|_ for White.}) (15. Qe2 Rfe8 {
parrying all the tactical threats.} (15... Rad8 {is met by White's hidden
threat of} 16. Ng6 $1 Rfe8 $1 (16... fxg6 $2 17. Qxe6+ Kh8 (17... Kh7 18. hxg6+
Kxg6 19. Qxe7 $16) 18. hxg6 $1 (18. Qxe7 Nd5 19. Bd2 Qxa2+ 20. Kxa2 Nxe7 $11 (
20... Nxe7 21. Bb4 c5 (21... Rf7 22. hxg6 Nxg6 23. Ne4 $16) 22. Bxc5 Nxc5 23.
dxc5 Rxd1 24. Rxd1 Rxf2 25. Rd7 $14 {Tal})) 18... Ng8 $1 19. Bxh6 $1 {White
has to play very energetically!} gxh6 20. Rxh6+ Nxh6 21. Qxe7 Nf6 (21... Nf7
22. Rh1+ Kg8 (22... Kg7 23. Rh7+ Kxg6 24. Qe4+ Kf6 25. Nh5+ $16) 23. Qh4 Kg7
24. Nh5+ $16) 22. g7+ (22. Rh1 Kg8 {Cimmino-Franz, corr 1995}) 22... Kg8 23.
gxf8=Q+ Rxf8 24. Qxb7 Re8 25. Qxc6 $16 {Andonov-Curtacci, corr. 1990}) 17.
Nxe7+ Rxe7 18. c4 {- Tseshkovsky-Dreev, RUS-ch 2003 CBM 98} (18. Rd3 Ree8 19.
Rhd1 (19. Ra3 Qd5 20. Rxa7 b5 21. c3 Ra8 22. Rxa8 Rxa8 23. a3 b4 $1 $132) 19...
Qd5 $5 (19... c5) 20. Rg1 $1 $36 {- Bologan-Anand, Dortmund 2003 CBM 97}) (18.
Bd6 Ree8 19. c4 b5 $13 {Tal})) (15... Rfd8 16. Rhe1 (16. Ng6 $5) 16... Nxe5 17.
dxe5 Nd7 18. Bd2 Qb5 19. c4 Qb6 20. Be3 Qc7 21. f4 Nc5 22. Qc2 Rxd1+ 23. Rxd1
Rd8 24. a3 a5 25. Ka2 Rd7 26. Bxc5 Bxc5 27. Ne4 {This typical _|_ clearly
favours White.} Be3 28. g3 Qd8 29. Nd6 $14 {Marjanovic-Svetushkin, Bucharest
2000}) 16. Bd2 (16. Ne4 Nxe4 17. Qxe4 Rad8 18. c4 (18. g4 Nxe5 19. dxe5 Rxd1+
20. Rxd1 Rd8 21. Rxd8+ Qxd8 $11) 18... Nxe5 19. dxe5 Qb6 (19... Rxd1+ {was
good enough for a draw.} 20. Rxd1 Rd8 21. Rxd8+ Qxd8 22. Kc2 $11) (19... Qb4 {
is connected with a counterplay on the <<.} 20. Be3 b5 21. Rc1 Rb8 $132) 20.
Be3 Bc5 $1 (20... Qa6 $2 21. f4 b5 22. Rc1 c5 23. g4 $16 {Bologan-Dautov,
Mainz 2002 CBM 89 ext}) 21. Bxc5 (21. Rd6 Bxe3 22. fxe3 Rxd6 23. exd6 Rd8 24.
Rd1 Qc5 25. d7 Qxh5 $15 {Dautov}) 21... Qxc5 $11) 16... Qc7 {- Ad.
Horvath-Mchedlishvili, Rethymnon 2003 CBM 98} (16... Qd5 17. c4 Qd6 18. Bf4 $14
{wins a lot of tempi for White.})) 15... Nxd7 16. Ne4 Nf6 (16... Rad8 $2 {
is not that important now.} 17. Qg3 Qf5 18. Bd6 $5 $16 (18. f3 Qh7 19. Bc7 Rc8
20. Bd6 $14 {Coenen-Margvelashvili, Izmir 2004})) (16... Qf5 17. Bc1 (17. Qf3
Nf6 18. Nxf6+ Bxf6 19. g4 Qd5 {The _|_ cannot be frightening for Black.} 20.
Qe2 (20. Rh3 Rad8 21. Bxh6 Qxf3 22. Rxf3 Rxd4 $11 {Emms-L.Hansen, Copenhagen
1996})) 17... Nf6 18. Nxf6+ Qxf6 19. g4 c5 {Black's counterplay in the [+]
comes just in time.} 20. Be3 cxd4 21. Bxd4 {1/2-1/2 M.Pavlovic-Zontakh, Budva
2002}) 17. Nd6 (17. Be5 Ng4 (17... Nd7 18. Bf4 Nf6 {leads only to a repetition
of moves.} 19. Be5 Nd7 20. Bf4 {1/2-1/2 M.Pavlovic-Riazantsev, Biel 2003}) 18.
Qg3 Nxe5 19. dxe5 Rfd8 20. Nd6 (20. f4 Rxd1+ 21. Rxd1 Rd8 $11) 20... Bxd6 21.
exd6 $14 {If White can hold his dangerous o^, Black is doomed to a passive
defence, Zakharstov-Arutunian, Pardubice 2004.}) (17. Nxf6+ {leads to equality.
} Bxf6 18. Qg3 (18. Qe4 Qd5 $11) 18... Kh8 19. Rd3 Qb5 20. Rb3 Qd5 21. Be5 Bxe5
22. dxe5 Rad8 23. a3 c5 24. Rd3 Qe4 25. Rhd1 Rxd3 $11 {Ye Jiangchuan-Zhang
Pengxiang, Yongchuan 2003}) (17. g4 $5 {is interesting.} Rad8 18. Rhg1 Nxe4 19.
Qxe4 Bf6 20. c3 (20. Qe3 Qb6 21. c3 (21. g5 $2 Bxd4) 21... Rd5 22. g5 {(1/2-1/
2 Berkes-Izoria, Aghia Pelagia 2004)} hxg5 23. Bxg5 Bxg5 24. Rxg5 Rxg5 25. Qxg5
Qd8 26. Qg3 Qf6 $11) 20... Rd5 21. Bd2 Qb6 22. f4 Rfd8 23. Qc2 c5 24. g5 $36 {
and White comes first on the >>, Efimenko-Belov, St Petersburg 2004.}) 17...
Bxd6 (17... Nd5 {wins a tempo?} 18. Be5 Bxd6 19. Bxd6 Rfd8 20. Be5 (20. Qg3 Rd7
) 20... c5 21. a3 f6 22. Bg3 cxd4 23. Qxd4 Rac8 24. Qe4 Qb6 25. Ka1 Qc6 $13 {
Bruzon Bautista-Kanefsck, Buenos Aires 2003}) 18. Bxd6 Rfd8 19. Be5 (19. Be7
Rd5 20. Qe2 (20. Bxf6 gxf6 {corrupts Black's P structure, but >< h5 is also
weak.} 21. Qf3 Kg7) 20... Qc7 21. Bxf6 gxf6 22. c4 Rg5 23. g3 Rd8 24. Rd3 Qa5
25. Rhd1 Qf5 26. Ka1 Qg4 27. Qxg4 Rxg4 $11 {The black rooks are active enough.}
28. f4 e5 29. dxe5 Rxd3 30. Rxd3 fxe5 31. fxe5 Rxc4 32. b3 Re4 33. Rd7 {
1/2-1/2 Fressinet-Vallejo Pons, Plovdiv 2003}) 19... Ng4 20. Bg3 Nf6 21. Be5
Ng4 22. Bg3 Nf6 23. Qe2 {White wants to continue the fight avoiding the
repetition of moves.} Qb5 (23... c5 $13) 24. c4 (24. Qxb5 cxb5 25. Bh4 Rd5 26.
Bxf6 gxf6 $11 {and although Black has two doubled pawns, the R _|_ is not
dangerous for him.}) 24... Qf5+ 25. Ka1 b5 $5 {Black wants to create a
stronghold for his N on d5.} (25... c5 $11) 26. f3 bxc4 27. Be5 (27. Qxc4 Nd5
$15) 27... Nd5 28. g4 Qg5 29. Rc1 f6 {This slightly weakens >< e6.} (29... c3
$5 30. bxc3 c5 $13) 30. Bg3 Nb6 31. f4 (31. Qxe6+ Kh8 32. Qxc6 Rac8 (32... Rxd4
33. Bf2 Rdd8 34. Bxb6 axb6 35. Qxc4 $16 {and White has exchanged his bad B.})
33. Qe4 Nd5 $14 {White is a P up, but the N blocked d5 well.}) 31... Qb5 (31...
Qd5) 32. g5 (32. Qxe6+ $1 Kh8 33. g5 $36) 32... Qf5 33. Bh4 (33. gxf6 gxf6 (
33... Rxd4 34. fxg7 Re4 $1 35. Qf2 Rd8 36. Rhe1 $13) 34. Bh4 {White has some
-> on the >>, but Black's defensive resorces cannot be underestimated.} Rxd4 $5
(34... Kh7 35. Rhg1 Rg8 36. Rg6 Nd5 $13) (34... Kf7 $5 {- 33.Bh4}) 35. Rhg1+
Kh7 36. Rg6 Rxf4 (36... Nd5 $2 37. Rcg1 $1 $18) 37. Bxf6 Rg8 38. Rxg8 Kxg8 39.
Rg1+ Kf7 $13) 33... Kf7 (33... Rxd4 $5 34. gxf6 gxf6 {- 33.gxf6}) 34. Rhg1 (34.
gxf6 gxf6 35. Rhg1 Rg8 36. Rg6 Rxg6 37. hxg6+ Kg7 $15) 34... Rg8 (34... Rxd4 $6
{helps only for White's ->.} 35. gxf6 gxf6 36. Qg2 Qh7 37. Bf2 $1 (37. Qxc6 Qe4
$1) 37... Rd6 38. f5 $1 $40) 35. Rc3 (35. gxf6 gxf6 {- 34.Rhg1}) 35... Rad8 36.
Ra3 (36. Bf2 $13) 36... Rd7 37. Rag3 $5 (37. Bf2 $13) 37... hxg5 38. fxg5 Rxd4
$1 {[#]} 39. Rf3 $2 {White cannot find the correct continuation of the ->,
perhaps he was already in time trouble.} (39. Rg4 $2 Rxg4 40. Rxg4 Qd3 $1 $19)
(39. gxf6 $1 {sacrificing the B was the right move.} Rxh4 40. Qg2 Kxf6 (40...
Rd8 $2 41. Rxg7+ Kxf6 42. Rg6+ Ke7 43. Rg7+ Kd6 44. Rd1+ Nd5 45. Qg3+ Qf4 46.
Qa3+ Ke5 (46... c5 $2 47. Qa5) 47. Re1+ Kd4 48. Rgg1 $1 (48. Rd1+ $2 Ke4 49.
Re1+ Ne3) 48... Rh2 49. Rd1+ Rd2 (49... Ke4 50. Rge1+ $44) 50. Qa5 $1 $36) 41.
Rf3 Rxh5 42. Rxf5+ Rxf5 43. Qxc6 $13) 39... Qe4 $1 $19 {Now White's -> is
repelled and Black is two pawns up.} 40. Re3 Qd5 (40... Qxh4 $5 {was also
possible.} 41. g6+ (41. Rxe6 Rgd8 42. g6+ (42. gxf6 gxf6 43. Re7+ Kf8) 42...
Kf8 43. Re1 (43. h6 Qxh6) 43... Qxe1+ $1 $19) 41... Ke8 42. Rxe6+ Kd8 $19) 41.
g6+ (41. Qc2 c3 $1 (41... Rd3 42. Ree1 $15) 42. Rxc3 (42. Qg6+ Kf8 43. Rxc3
Rxh4 {- 42.Rc3}) 42... Rxh4 43. Qg6+ Kf8 44. gxf6 Rh1 $19 {and there is no
continuation of the ->.}) 41... Ke7 42. Re5 (42. Bg3 Rd8 43. Kb1 Rd1+ $19)
42... Rd2 $1 43. Rxd5 Rxe2 44. Ra5 Nc8 45. Rc5 (45. h6 gxh6 46. Rh5 Nd6 47.
Rxh6 e5 $19) 45... Re4 46. Bg3 e5 47. Rxc6 Rg4 48. Kb1 Rh8 49. Kc2 Kd7 50. Rc5
Nd6 51. Rd5 Rxh5 52. Rgd1 (52. Rxd6+ {liqudates to a lost R _|_.} Kxd6 53.
Bxe5+ fxe5 54. Rxg4 Kd5 55. b3 Rh2+ 56. Kc3 Rh3+ 57. Kc2 cxb3+ 58. axb3 e4 $19)
52... Rxg3 53. Rxd6+ Ke7 54. R1d2 (54. Rd7+ Ke6 55. Rxg7 Rh2+ 56. Rd2 Rxd2+ 57.
Kxd2 a5 {Black's connected passed pawns are too strong.} 58. Rg8 Kf5 59. g7 Ke4
60. Rf8 c3+ $1 (60... Rxg7 61. Rxf6) 61. bxc3 Rxg7 62. Rxf6 Rg2+ 63. Kc1 Kd3
$19) 54... Rd3 55. Ra6 Rxd2+ 56. Kxd2 f5 57. Rxa7+ Kf6 58. Ra6+ Kg5 59. Re6 e4
60. a4 {The a o^ can easily be stopped.} Rh3 $5 (60... Rh1 61. a5 Ra1 62. a6
Kf4) 61. a5 Kf4 62. a6 c3+ $1 63. bxc3 (63. Kc2 cxb2 64. Kxb2 Rh8 65. Re7 e3
66. a7 Kf3 $19) 63... Rh2+ 64. Kc1 e3 65. Kb1 Rh8 66. Kc2 Kf3 67. c4 e2 68. c5
Kf2 69. Kd3 e1=Q 70. Rxe1 Kxe1 71. c6 Re8 0-1

[Event "Enghien les Bains"]
[Site "Enghien les Bains"]
[Date "2003.06.13"]
[Round "1"]
[White "Akopian, Vladimir Eduardovic"]
[Black "Bareev, Evgeny"]
[Result "0-1"]
[WhiteElo "2703"]
[BlackElo "2734"]
[Annotator "Lukacs,P"]
[PlyCount "70"]
[EventDate "2003.06.13"]
[EventType "tourn"]
[EventRounds "9"]
[EventCountry "FRA"]
[EventCategory "17"]
[SourceTitle "CBM 096"]
[Source "ChessBase"]
[SourceDate "2003.09.25"]
[SourceVersion "1"]
[SourceVersionDate "2003.09.25"]
[SourceQuality "1"]

1. e4 c6 2. d4 d5 3. Nd2 dxe4 4. Nxe4 Bf5 5. Ng3 Bg6 6. h4 h6 7. Nf3 Nd7 8. h5
Bh7 9. Bd3 Bxd3 10. Qxd3 e6 11. Bf4 Ngf6 12. O-O-O Be7 13. Ne4 {This idea
connected with a quick liquidation to a slightly better _|_ is more and more
popular these days.} Nxe4 (13... O-O {- Shirov-Dreev, Dos Hermanas 2003 CBM 95}
) 14. Qxe4 Nf6 (14... a5 {/\ a4-a3 is the old plan, which has no high
reputation anymore.} 15. Kb1 a4 16. Ne5 Nf6 17. Qe2 {-
Yegiazarian-Haroutjunian, ARM-ch Yerevan 2001 CBM 86}) 15. Qd3 (15. Qe5 $6 {
The Q is only vulnerable here.} O-O 16. Kb1 a5 17. Rhg1 Qd5 18. Qxd5 cxd5 {
Now the P structure clearly favors Black and White has no attacking chances.}
19. g4 Ne4 20. Rg2 b5 21. Ne5 Rfc8 $15 {Westerinen-Rogers, Troll Masters
Gausdal 1996}) (15. Qe2 Qd5 (15... Qa5 16. Kb1 O-O 17. Ne5 c5 $2 18. Ng6 $3
Rfe8 {was the safe try!} (18... fxg6 $6 {accepting the sacrifice allows White
a wonderful firework!} 19. Qxe6+ Kh8 20. hxg6 Rae8 21. Bxh6 $1 {The second
sacrifice...} gxh6 22. Qe3 $1 Ng4 (22... Ng8 23. Rxh6+ Kg7 24. Rh7+ Kxg6 25.
Qe4+ $18) 23. Rxh6+ $1 {The third was easy...} Kg7 24. Rh7+ Kxg6 25. Qe4+ $18 {
Smolkov-Rumiantsev, St Petersburg 2002})) 16. c4 Qe4 17. Qxe4 {- 15.Qd3}) 15...
Qa5 $5 {By this way Black avoids the exchange of Q and strives to a normal
main line position.} (15... a5 16. c4 O-O 17. Kb1 b5 {Black wants to create a
stronghold for his N on d5.} 18. Ne5 (18. c5 $5 Nd5 19. Bd2 Nb4 {/\ Qd5}) 18...
bxc4 19. Qxc4 Nd5 20. Nxc6 Qd7 {Black is happy to sacrifice the weak c P,
because he has good play on the opened lines against the enemy K.} 21. Bd2 a4
22. Rhe1 Bf6 23. Ne5 Qb7 24. Rc1 Rfb8 25. Rc2 {(A.Rodriguez-Lobron, Luzern ol 
(Men) 1982)} Rc8 26. Qd3 Rxc2 27. Qxc2 Rb8 28. Rc1 Nb6 $44) (15... Qd5 16. c4
Qe4 17. Qxe4 ({avoiding the _|_ may lead to problems only for White:} 17. Qd2
b5 18. Rde1 Qh7 19. c5 Nd5 20. Be5 a5 21. Qc2 Qxc2+ 22. Kxc2 {and the strong
blockading N on d5 is a super-power.} Bf6 23. Nd2 Nb4+ 24. Kb1 Nd3 $15 {
Jonkman-Grant, Mondariz zt 2000}) 17... Nxe4 18. Be3 Nd6 $6 (18... O-O-O 19.
Ne5 Rhf8 20. Rhe1 (20. d5 {leads only to unnecessary exchanges.} Bd6 21. Nd3
exd5 22. cxd5 c5 23. Rh4 Rfe8 $11 {Jonkman-Grooten, Leeuwarden op 1997})) (
18... Nf6 19. Ne5 Bd6 20. f3 Rd8 21. Kc2 a6 22. g4 Nd7 23. Nd3 {This type of
_|_ is not so easy for Black from a practical point of view.} Rc8 24. a4 O-O
25. f4 f6 26. Rhe1 Rfe8 27. Bd2 c5 28. dxc5 Nxc5 29. Nxc5 Bxc5 30. Bc3 Kf7 31.
Rd7+ Re7 32. Rxe7+ Bxe7 $11 {L.Bronstein-Tempone, ARG-ch Buenos Aires 1983})
19. b3 (19. d5 {is again useless because of} Nxc4 20. dxe6 Nxe3 (20... fxe6 21.
Bd4 O-O 22. Rhe1) 21. exf7+ Kxf7 22. fxe3 Rhd8 $11) 19... b5 (19... Bf6 20. g4
b5 $1 {- Kramnik-Bareev, Corus Wijk aan Zee 2003 CBM 93} (20... Rd8 21. Kc2 $14
)) 20. c5 Nf5 $5 (20... Ne4 {/\ Nf6-d5} 21. Kc2 Rc8 22. Ne5 Nf6 23. a4 b4 24.
g4 Nd5 25. Bd2 Bg5 26. Rhe1 Bxd2 27. Rxd2 O-O 28. Kd3 $14 {Kulaots-Grant,
EU-ch Istanbul 2003})) (15... O-O {- 13...0-0}) 16. Kb1 O-O 17. Ne5 (17. g4 $5
{is a very aggressive idea of J.Polgar, typical to her sharp style.} Nxg4 18.
Rdg1 Qf5 (18... Nxf2 {leads to immense complications after} 19. Qe2 Nxh1 (19...
Bg5 20. Nxg5 (20. Bxg5 hxg5 21. Nxg5 Kh8) 20... hxg5 21. Bxg5 Qd5 $1) 20. Qg2
$1 Bf6 21. Bxh6 (21. Be5 Qd8 (21... Bxe5 $2 22. Nxe5 g5 23. hxg6 $16) 22. Qxg7+
Bxg7 23. Rxg7+ Kh8 24. Rxf7+ $11) 21... Kh7 22. Bxg7 Rg8 23. h6 Qf5 24. Qxh1
$44 {according to Anand.}) 19. Qd2 g5 $1 20. hxg6 fxg6 21. Bxh6 Qxf3 22. Bxf8
Rxf8 23. d5 $1 {This beutiful move is also the only one!} cxd5 24. Qd4 Nf6 $1
25. Rxg6+ Kf7 26. Rhg1 Rc8 27. Rg7+ Kf8 28. Qh4 Ke8 29. Qa4+ Kf8 30. Qh4 Ke8
31. Qa4+ Kf8 {1/2:1/2 Ju.Polgar-Anand, wijk aan Zee 2003}) 17... Rad8 18. Qg3 {
This is the most active position for the Q.} (18. Qe2 Qb6 (18... Nd5 19. Bc1 c5
20. c4 Nf6 21. dxc5 {1/2:1/2 Guerra Bastida-Magem Badals, ESP-chT Mondariz 2002
}) 19. c3 c5 20. dxc5 Qxc5 21. g4 Rxd1+ 22. Rxd1 Rd8 23. Re1 Nd5 $15 {
Thipsay-Prakash, IND-ch Mumbai 2003}) (18. Qb3 Qb6 19. Qxb6 axb6 20. c4 b5 21.
cxb5 cxb5 22. g4 Nd5 $11 {Ledger-Gyimesi, Gibraltar Masters 2003}) 18... Kh8
19. c4 (19. Qf3 Qd5 20. Qxd5 cxd5 {is not a healthy exchange of Q for White.}
21. f3 Nd7 $11 {Cao-Ruck, HUN-ch Semi-Final 2002}) (19. Qb3 {is usually
answered by the Q exchange offer} Qb6 20. c3 Kg8 21. g4 c5 22. Qxb6 axb6 23.
dxc5 Bxc5 24. f3 Nd5 25. Bc1 b5 $11 {Dominguez-Dreev, North See Cup 2003}) (19.
Rd3 $5 {looks a strong preparatory move here.} Qb6 (19... c5 20. Qf3 (20. dxc5
$5) (20. Ra3 $5 Qb6 21. Rb3 Qa6 22. Qf3 Nd5 (22... Rxd4 23. Qxb7 Qxb7 24. Rxb7
Rxf4 25. Rxe7 Rxf2 26. Rxa7 Rxg2 27. a4)) 20... Rxd4 21. Rxd4 cxd4 22. Qxb7 Nd5
23. Bg3 Qa4 24. Qb3 Qa6 25. Qd3 Qa4 $13 {Adams-Bareev, Dortmund 2002}) 20. Be3
Nd5 21. Rb3 Qa6 22. Bc1 {and the N on d5 is vulnerable.} Bf6 23. f4 Ne7 24. Qf2
$14 {Z.Almasi-Bareev, BIH-cht Jahorina 2003}) 19... Nd7 (19... c5 {deserves
also attention:} 20. Be3 cxd4 21. Bxd4 Kg8 22. Qe3 Rd6 23. Bc3 Qc7 24. g4 Rxd1+
25. Rxd1 Rd8 26. Rxd8+ Qxd8 {This typical _|_ is only slightly better for
White.} 27. Qd4 (27. Kc2 a6 28. f3 Qc7 29. Qd4 Bc5 30. Qd3 Bd6 $11 {
Wedberg-Dreev, SWE-chT 2002/03}) 27... a6 $11 {De Firmain-Dreev, SWE-chT 2002/
03}) 20. Rd3 Bf6 (20... Qa6 {looks rather passive.} 21. Rc1 Nxe5 22. Bxe5 Rg8
23. Qf3 Rgf8 24. Qg4 Rg8 25. Rg3 f6 26. Qxe6 fxe5 27. Qxe7 Rxd4 28. Ra3 $16 {
Leitao-David, Bled ol (Men) 2002}) 21. Ra3 $6 {Chasing away the Q is not so
logical in this moment.} (21. Rc1 $1 {is the typical plan again.} Bxe5 (21...
Kh7 $2 {is now strongly met by} 22. Ra3 $1 Qb6 23. c5 Qb5 (23... Qb4 24. Nc4)
24. Nc4 $18 {and the Q is in a big trouble.}) 22. dxe5 $1 (22. Bxe5 Nxe5 $11)
22... Nc5 23. Ra3 Qb4 24. Qe3 Kh7 25. g4 Rd7 26. g5 $14) 21... Qb6 22. Qe3 ({
The planned} 22. c5 {doesn't work because of} Qb4 $1 23. Nd3 Qxd4 24. Bd6 Rfe8
25. Rxa7 b6 $132) 22... c5 $1 (22... Bxe5 23. dxe5 Qxe3 24. Rxe3 Nc5 25. Ra3 $1
(25. Kc2 Rd4 26. g3 Rfd8) 25... a6 26. Be3 Nd3 27. f4 $14) 23. dxc5 Nxc5 $1 {
[%mdl 256] [#]} (23... Qxc5 $2 {leads to a much better _|_ for White after} 24.
Qxc5 Nxc5 25. Rxa7 Bxe5 26. Bxe5 Rd7 27. f3 $1 Rfd8 28. Bc3 $16) 24. Bxh6 $2 {
Black can simply ignore this blow, and build up a pressure in the [+].} (24. g4
$142 {looked more to the point.} Qb4 (24... Kg8 25. Rg1) 25. Bxh6 Bxe5 26. Qxe5
f6 27. Qe3 Rd7 28. Bf4 e5 29. Bg3 Rfd8 (29... Rd2 30. Qc3 Qxc3 31. Rxc3 Ne4 $11
) 30. h6 Rd1+ $1 (30... g6 31. g5 Qxc4 32. Rc1 Rd1 33. Rac3) 31. Rxd1 Rxd1+ 32.
Kc2 Rd4 33. hxg7+ Kg8 34. Kb1 Re4 35. Qc3 Qxc3 36. Rxc3 Rxg4 $15) 24... Bxe5 $1
25. Qxe5 f6 26. Qe3 Rd7 $1 (26... e5 $5) 27. Bf4 e5 28. h6 (28. Bg3 Rfd8 29. h6
g6 {- 28.h6}) 28... g6 $1 29. Bg3 Rfd8 {White's position is suddenly on the
verge of a collapse. Black controls the vital d <->, the B is out of play and
there is no harmony between the heavy artillery as well.} 30. h7 $2 (30. f3 $2
Rd2 31. b3 R8d3 $19) (30. Rc3 Kh7 31. Rcc1 $15) 30... Rd2 $1 {The penetration
on the second rank decides the game.} 31. Bxe5 (31. b3 R8d3 32. Qh6 Qd8 $1 $19)
31... Qe6 $1 $19 32. Bxf6+ Qxf6 33. Qc3 Qxc3 34. Rxc3 Rxf2 35. Rc2 Rdd2 0-1